000 00505nam a2200181 a 4500
005 20140310183247.0
008 040906s19uu xx 00 eng d
020 _a15237079
050 _aAY 61
_b.N532 2003
245 _aThe New York Times 2004 almanac /
260 _aNew York :
_bPenguin Reference,
_c2003.
300 _a1002 p. :
_bill. (some col.) ;
_c21 cm.
500 _aIncludes index.
650 _aAlmanacs, American.
700 _aWright, John W., ed.
942 _cBK
_2lcc
999 _c20716
_d20716